| 000 | 00422pab a2200169 454500 | ||
|---|---|---|---|
| 008 | 180718b2009 xxu||||| |||| 00| 0 eng d | ||
| 100 | _aLeijonhufvud, Axel | ||
| 245 | _aOut of the corridor: Keynes and the crisis | ||
| 260 | _c2009 | ||
| 300 | _ap.741-57. | ||
| 362 | _aJul | ||
| 650 | _aEconomic recession | ||
| 650 | _aKeynes, Maynard | ||
| 773 | _aCambridge Journal of Economics | ||
| 908 | _aN | ||
| 909 | _a83564 | ||
| 999 |
_c83564 _d83564 |
||